| 000 | 00853am a2200313a 44500 | ||
|---|---|---|---|
| 003 | AR-BaBNM | ||
| 005 | 20251128203043.0 | ||
| 008 | 096019s1981 #AR|||||||||||000 | esp|| | ||
| 020 | _a84-245-0018-0 | ||
| 040 | _cAR-BaBNM | ||
| 100 | 1 | _aRichmond, P.G. | |
| 245 | 1 | 0 | _aIntroducción a Piaget |
| 250 | _a8ª ed. | ||
| 260 |
_aMadrid _bFundamentos _c1981 |
||
| 300 |
_a158 p. _bdiagr. |
||
| 504 | _aBibliografía: p. 15-16 | ||
| 650 | 4 | _aPSICOLOGIA DE LA EDUCACION | |
| 650 | 4 | _aTEORIAS DEL APRENDIZAJE | |
| 650 | 4 | _aDESARROLLO DE LA PERSONALIDAD | |
| 650 | 4 | _aDESARROLLO COGNOSCITIVO | |
| 650 | 4 | _aDESARROLLO AFECTIVO | |
| 650 | 4 | _aDESARROLLO INTELECTUAL | |
| 650 | 4 | _aPSICOLOGIA DEL NIÑO | |
| 650 | 4 | _aROL DEL DOCENTE | |
| 653 | _aCONSTRUCTIVISMO | ||
| 700 | 1 |
_aAlvarez Bara, Ignacio _etraductor |
|
| 942 | _cBK | ||
| 998 | _cSILVI | ||
| 999 |
_c1681 _d1681 |
||